Studies in heat transfer : (Record no. 184016)
[ view plain ]
| 000 -LEADER | |
|---|---|
| fixed length control field | 01511 a2200217 4500 |
| 003 - CONTROL NUMBER IDENTIFIER | |
| control field | Nust |
| 005 - DATE AND TIME OF LATEST TRANSACTION | |
| control field | 20221201093718.0 |
| 010 ## - LIBRARY OF CONGRESS CONTROL NUMBER | |
| LC control number | 79015633 |
| 020 ## - INTERNATIONAL STANDARD BOOK NUMBER | |
| International Standard Book Number | 0070269629 |
| 040 ## - CATALOGING SOURCE | |
| Transcribing agency | Nust |
| 082 00 - DEWEY DECIMAL CLASSIFICATION NUMBER | |
| Classification number | 536.2,STU |
| 245 00 - TITLE STATEMENT | |
| Title | Studies in heat transfer : |
| Remainder of title | a Festschrift for E. R. G. Eckert / |
| Statement of responsibility, etc. | edited by J. P. Hartnett ... [et al.]. |
| 260 ## - PUBLICATION, DISTRIBUTION, ETC. | |
| Place of publication, distribution, etc. | Washington : |
| Name of publisher, distributor, etc. | Hemisphere Pub. Corp., |
| Date of publication, distribution, etc. | c1979. |
| 300 ## - PHYSICAL DESCRIPTION | |
| Extent | xii, 516 p. : |
| Other physical details | ill. ; |
| Dimensions | 25 cm. |
| 505 ## - FORMATTED CONTENTS NOTE | |
| Formatted contents note | Turbine Blade Cooling in aero Engines (Page-1), Near Wall Tribunes (Page-17), Analysis of Film (Page-33), Analogy of Film (Page-41), Effective Surface Temperature (Page-55), Some numerical Results (Page-69), Evolution of orating (Page-83), Some Aspects of turbulence (Page-108), Natural Convocation from Vector Plates (Page-120), Steady State Laminar Natural (Page-209), Integrated Property Correlation (Page-247), Toward a Common Understanding of the performance (Page-257) Heat Transfer in complex Duct Flows (Page-273), Effects of Mechanical Degradation (Page-297), Experimental Study (Page-309), The Concept of a fully Developed Regime (Page-329), Thermal Conductivity of fully developed Regime (Page-433), Heat Transfer Between Horizontal Layers (Page-441), Modern Problems of Heat Transfer Augmentation (Page-457), The thermals Triode Page-485). |
| 600 10 - SUBJECT ADDED ENTRY--PERSONAL NAME | |
| Personal name | Eckert, E. R. G. |
| Dates associated with a name | 1904- |
| 9 (RLIN) | 103858 |
| 650 #0 - SUBJECT ADDED ENTRY--TOPICAL TERM | |
| Topical term or geographic name entry element | Heat |
| General subdivision | Transmission. |
| 700 1# - ADDED ENTRY--PERSONAL NAME | |
| Personal name | Eckert, E. R. G. |
| Dates associated with a name | 1904- |
| 9 (RLIN) | 103858 |
| 700 1# - ADDED ENTRY--PERSONAL NAME | |
| Personal name | Hartnett, J. P. |
| 9 (RLIN) | 103859 |
| 942 ## - ADDED ENTRY ELEMENTS (KOHA) | |
| Source of classification or shelving scheme | |
| Koha item type | Book |
| Call number prefix | 536.2,STU |
| Withdrawn status | Lost status | Source of classification or shelving scheme | Damaged status | Not for loan | Permanent Location | Current Location | Shelving location | Date acquired | Full call number | Barcode | Date last seen | Price effective from | Koha item type | Public note |
|---|---|---|---|---|---|---|---|---|---|---|---|---|---|---|
| Military College of Signals (MCS) | Military College of Signals (MCS) | General Stacks | 12/12/2016 | 536.2,STU | MCS6076 | 12/08/2016 | 12/12/2016 | Book | Almirah No.16, Shelf No.3 |
